Výživa a hnojení rostlin : návody do cvičení /

Uložené v:
Podrobná bibliografia
Hlavný autor: Jurčík, František (Author)
Médium: Kniha
Jazyk:Czech
Vydané: Praha : Státní pedagogické nakladatelství, 1985.
Vydanie:1. vyd.
ISBN: (brož.)
Fyzický popis: 253 s.
Tagy: Pridať tag
Žiadne tagy, Buďte prvý kto otaguje tento záznam!

MARC

LEADER 00000nam a2200000 a 4500
001 000175607
005 20100829145518.0
008 040101s1985 xr e cze d
020 |a (brož.)  |c Kčs 15,50 
040 |a SVKKK  |b slo  |c SVKKK  |e AACR2 
041 0 |a cze 
044 |a xr  |c CZ 
245 0 0 |a Výživa a hnojení rostlin :  |b návody do cvičení /  |c František Jurčík ... [et al.]. 
250 |a 1. vyd. 
260 |a Praha :  |b Státní pedagogické nakladatelství,  |c 1985. 
300 |a 253 s. 
700 1 |a Jurčík, František  |4 aut 
910 |a svkkk 
998 |a BK 
090 |g SCKHL  |k Sklad Pribinova 3. posch.  |a V.137989  |j 710137  |i 2720955764  |s Povinný výt. 
090 |g SCKHL  |k Sklad Pribinova 3. posch.  |a V.153666  |j 706744  |i 175607-10  |4 Multiplikát  |s Vyradená 
090 |g SCKHL  |k Sklad Pribinova 3. posch.  |a V.153667  |j 706745  |i 220352-10  |4 Multiplikát  |s Vyradená